La réponse commence par G - Statistiques

Statistiques générales
  • Ce quiz a été pris 1 240 fois
  • Le résultat moyen est 14 sur 20
Statistiques - réponses
Indices Réponses % Correct
Allure la plus rapide du cheval Galop
96%
Animal au long cou Girafe
96%
Mélange de blanc et de noir Gris
95%
Il est sorti de la lampe Génie
94%
La notre est la Voie Lactée Galaxie
93%
Sorcier à la recherche du village de bonhommes bleus Gargamel
89%
Péché capital de celui qui mange plus que de raison Gourmandise
87%
Plus haut grade de la hiérarchie militaire Général
86%
Félin amateur de lasagne Garfield
83%
Résultat de la solidification de l'eau Glace
79%
Fromage italien à pâte persilée Gorgonzola
68%
Science décrivant les phénomènes physiques et humains de la Terre Géographie
60%
Quartier dans lequel se concentre une minorité ethnique, culturelle ou religieuse Ghetto
60%
Partie d'une gouttière par où l'eau est évacuée et souvent ornée d'une tête d'animal Gargouille
56%
Série télévisée adaptées des romans de George R. R. Martin Game of Thrones
43%
Créature fantastique de la mythologie grecque à la chevelure serpentine Gorgone
43%
Pays le moins densément peuplé du monde Groenland
41%
Elle incarne Wonder Woman au cinéma Gal Gadot
39%
Singe aux longs bras vivant en Asie Gibbon
36%
Ensemble des règles qui constituent l'art de faire bonne chère Gastronomie
32%
Aucun quiz correspondant
Distribution des résultats
% des personnes avec chaque résultat
Percentile par nombre de réponses
Votre historique - résultats
Vous n’avez pas pris ce quiz